000 00323nam a22001457a 4500
008 221012b ||||| |||| 00| 0 eng d
020 _a9780683305715
041 _aeng
080 _a616.053
082 _a616.053
100 _a14.2
101 _aPEDI
245 _aPEDIATRIC INTENSIVE CARE
_cROGERS M
942 _2udc
_cBK
999 _c58509
_d58509